British Cities Sudden Death - Statistics

General Stats
  • This quiz has been taken 58 times
    24 since last reset
  • The average score is 7 of 13
Answers on the Grid
Answers color-coded by a green-red scale on the quiz's grid according to % correct below.
Austin
Carolina
Jersey
Dublin
London
Belfast
Oldcastle
Cornwall
Manchester
Cardiff
St Helena
Falkland islands
Brussels
Edinburgh
Kent
Birmingham
Midham
Colonge
New york
Newcastle
Cambridge
Oxfordshire
Oxford
Glasgow
Hampshire
Bristol
Sealand
Leeds
New London
Sheffield
 
Answer Stats
Answer % Correct
London
85%
Belfast
69%
Cardiff
62%
Bristol
54%
Edinburgh
54%
Newcastle
54%
Oxford
54%
Birmingham
46%
Cambridge
46%
Glasgow
46%
Sheffield
46%
Leeds
38%
Manchester
38%
No matching quizzes found
Score Distribution
Percent of People with Each Score
Percentile by Number Answered
Your Score History
You have not taken this quiz since the last reset